01242nam a22002057a 45000010005000000030006000050050017000110080041000280200018000690400029000870820008001161000020001242450079001442600037002233000043002604900018003035200656003216500024009777000035010015604FISKH20241220085205.0241220b cb ||||| |||| 00| 0 eng d a9780439973366 aFISKHbengcFISKHdFISKH a500 aGoldsmith, Mike aFantastic future /cBy DR Mike Goldsmith : Illustrated by Daniel Postgate  aNew York : bScholastic ;c2004. a144 pages : billustrations ;c21 cm . aThe knowledge aIn 30 years' time will you be holidaying on the moon? In 100 years' time could you genetically engineer your own pet? In 1000 years' time will you travel through space in an anti-matter-drive spaceship? This eye-opening guide predicts the future with a time-travelling trip through, well, time...Inside, visit vast skyscraper cities, make friends with robots and cyborgs, colonize far distant galaxies, and watch the very last star go out at the end of the universe. PLUS Read the Tomorrow's Times news reports from the future, discover how to terraform a desert planet and how to create a virtual you. If you want to be in the know, get The Knowledge afuturevNon-fiction aPostgate, Danieleillustrator